|
|
|
|
| LEADER |
00000nab a2200000 ar4500 |
| 001 |
vtls008418677 |
| 003 |
SK-MaSNL |
| 005 |
20260303070049.0 |
| 008 |
051215c20051214xo wr|p|||||||000 b|slo |
| 038 |
|
|
|a RVGKPD
|
| 040 |
|
|
|a RVGKPD
|b slo
|c RVGKPD
|e AACR2
|
| 041 |
0 |
|
|a slo
|
| 044 |
|
|
|a xo
|c SK
|
| 080 |
|
|
|a 75
|2 UDC-MRF-SK2
|
| 100 |
1 |
|
|a Kušnierová, Edita,
|d 1948-
|4 aut
|9 70868
|
| 245 |
1 |
0 |
|a Rožňavská Metercia - svätá Anna Samotretia na oltárnom obraze
|c Edita Kušnierová
|
| 650 |
0 |
7 |
|a Metercia - sv. Anna
|2 rvgkpd
|9 1027024
|
| 651 |
|
7 |
|a Rožňava (Slovensko)
|2 rvgkpd
|9 17394
|
| 773 |
0 |
|
|t GEMERinfo
|g Roč. I, č. 15 (14.12.2005), s. 8-9
|
| 852 |
|
|
|a RVGKPD
|b KIS3G
|
| 992 |
|
|
|a RBX
|
| 999 |
|
|
|c 1753764
|d 1755694
|